Odstraňovanie fosforu z biologicky vyčistenej odpadovej vody
Na minha lista:
| Autor principal: | |
|---|---|
| Outros Autores: | |
| Formato: | Manuscrito Livro |
| Idioma: | eslovaco |
| Publicado em: |
2020
|
| Assuntos: | |
| Acesso em linha: | http://is.stuba.sk/zp/portal_zp.pl?podrobnosti=135722 |
| Tags: |
Sem tags, seja o primeiro a adicionar uma tag!
|
MARC
| LEADER | 00000ntm a22000003a 4500 | ||
|---|---|---|---|
| 001 | stuzp78912 | ||
| 003 | SK-STU | ||
| 005 | 20200718211204.4 | ||
| 007 | ta | ||
| 008 | 150427s2015----xo-----f-mn---000-0-slo-d | ||
| 040 | |a STU |b slo | ||
| 041 | 0 | |a slo | |
| 100 | 1 | |a Jagnešáková, Monika |u 046290 |4 aut |U FCHPT Ústav chemického a environmentálneho inžinierstva |T FCHPT Oddelenie environmentálneho inžinierstva |X 86706 |U C6290 |Y 120 |7 86706 | |
| 242 | 0 | 1 | |a Phosphorus removal from biologically treated wastewater |y eng |
| 245 | 1 | 0 | |a Odstraňovanie fosforu z biologicky vyčistenej odpadovej vody |
| 260 | |c 2020 | ||
| 650 | 4 | |a biologicky vyčistená voda |2 slo | |
| 650 | 4 | |a fosfor |2 slo | |
| 650 | 4 | |a recyklácia fosforu |2 slo | |
| 650 | 4 | |a zrážanie |2 slo | |
| 650 | 4 | |a biologically treated water |2 eng | |
| 650 | 4 | |a phosphorus |2 eng | |
| 650 | 4 | |a phosphorus recycling |2 eng | |
| 650 | 4 | |a precipitation |2 eng | |
| 700 | 1 | |a Drtil, Miloslav |u 046000 |k Z1 |4 ths |U FCHPT Fakulta chemickej a potravinárskej technológie |T FCHPT Ústav chemického a environmentálneho inžinierstva |X 3377 |U C6000 |Y 104 |7 A000003377 | |
| 856 | 4 | |u http://is.stuba.sk/zp/portal_zp.pl?podrobnosti=135722 | |